000
00290nam a22001217a 4500
008
190313b xxu||||| |||| 00| 0 eng d
041
_a
eng
080
_a
043.3
100
_a
0
101
_a
SHP-BA
245
_a
Kriza Lindore 1875-1878 dhe çështja shqiptare
_c
Fetahu,R
942
_2
udc
_c
BK
999
_c
54736
_d
54736